Online
Catalog

Psicología de la educación / (Record no. 51375)

MARC details
000 -CABECERA
campo de control de longitud fija 02293nam a22003257a 4500
003 - IDENTIFICADOR DEL NÚMERO DE CONTROL
campo de control DO-SdBNP
005 - FECHA Y HORA DE LA ÚLTIMA TRANSACCIÓN
campo de control 20221020154341.0
007 - CAMPO FIJO DE DESCRIPCIÓN FÍSICA--INFORMACIÓN GENERAL
campo de control de longitud fija ta
008 - DATOS DE LONGITUD FIJA--INFORMACIÓN GENERAL
campo de control de longitud fija 220208b1960 |a||e |||| 001 0 spa d
040 ## - FUENTE DE LA CATALOGACIÓN
Centro catalogador/agencia de origen DO-SdBNP
Lengua de catalogación spa
Centro/agencia transcriptor BNPHU
082 #4 - NÚMERO DE LA CLASIFICACIÓN DECIMAL DEWEY
Número de clasificación 370.15
Número de documento/Ítem K295p
Número de edición 22
100 1# - ENTRADA PRINCIPAL--NOMBRE DE PERSONA
Nombre de persona Kelly, William Anthony
9 (RLIN) 81180
245 10 - MENCIÓN DE TÍTULO
Título Psicología de la educación /
Mención de responsabilidad, etc. William Anthony Kelly
260 ## - PUBLICACIÓN, DISTRIBUCIÓN, ETC.
Lugar de publicación, distribución, etc. [s.l] :
Nombre del editor, distribuidor, etc. [s.n],
Fecha de publicación, distribución, etc. [1960?].
300 ## - DESCRIPCIÓN FÍSICA
Extensión 359 p. :
Dimensiones 22 cm.
500 ## - NOTA GENERAL
Nota general Incluye índice alfabético.
500 ## - NOTA GENERAL
Nota general Prólogo del autor a la cuarta edición.
500 ## - NOTA GENERAL
Nota general Prólogo del autor a la tercera edición.
500 ## - NOTA GENERAL
Nota general Prólogo del autor a la segunda edición.
505 ## - NOTA DE CONTENIDO CON FORMATO
Nota de contenido con formato Parte primera. El campo de la Psicología Pedagogíca.
Título Capítulo primero. Naturaleza y funciones de la Psicología Pedagóca --
505 ## - NOTA DE CONTENIDO CON FORMATO
Nota de contenido con formato Parte II. Naturaleza del educado.
Título Capítulo II. El alma --
-- Capítulo III. El cuerpo --
505 ## - NOTA DE CONTENIDO CON FORMATO
Nota de contenido con formato Parte III. Facultades mentales del discípulo. Presupuestos de psicología general.
Título Capítulo IV. La sensación --
-- Notas al capítulo IV --
-- Capítulo V. La percepción --
-- Notas al capítulo V --
-- Capítulo V.I. La imaginación --
-- Notas al capítulo VII --
-- Capítulo VII. La memoria --
-- Capítulo VIII. El proceso de asociación --
-- Capítulo VIII. La memoria --
-- Capítulo IX. La atención --
-- Notas al capítulo IX. --
-- Capítulo XI. La voluntad --
-- Notas al capítulo XI. --
-- Capítulo XII. Sentimientos y emociones --
-- Notas al capítulo XII. --
-- Capítulo XIII. Formación de hábitos --
-- Notas al capítulo XIII. --
505 ## - NOTA DE CONTENIDO CON FORMATO
Nota de contenido con formato Parte IV. Crecimiento y desarrollo de escolar.
Título Capítulo XIV. El proceso de crecimiento y desarrollo --
-- Notas al capítulo XIV --
-- Capítulo XV. Diferencias individuales --
-- Notas al capítulo XV --
505 ## - NOTA DE CONTENIDO CON FORMATO
Nota de contenido con formato Parte V. El aprendizaje.
Título Capítulo XVI. El proceso del aprendizaje.
-- Notas al capítulo XVI --
-- apítulo XVII. Motivación en el aprendizaje escolar.
-- Notas al capítulo XVII --
-- Capítulo XVIII. El proceso de estudio eficaz --
-- Notas al capítulo XVIII --
-- Capítulo XIX. Transferencia del aprendizaje --
-- Notas al capítulo XIX --
590 ## - NOTA LOCAL (RLIN)
Nota local Inventariado, 2022 / SA
650 4# - PUNTO DE ACCESO ADICIONAL DE MATERIA--TÉRMINO DE MATERIA
Término de materia o nombre geográfico como elemento de entrada Psicología pedagógica
9 (RLIN) 81185
650 4# - PUNTO DE ACCESO ADICIONAL DE MATERIA--TÉRMINO DE MATERIA
Término de materia o nombre geográfico como elemento de entrada Psicología educativa
910 ## - DATOS DE OPCIÓN DEL USUARIO (OCLC)
Datos de opción del usuario Saquino
942 ## - ELEMENTOS DE PUNTO DE ACCESO ADICIONAL (KOHA)
Fuente del sistema de clasificación o colocación Dewey Decimal Classification
Tipo de ítem Koha Libro
Holdings
Estado de retiro Estado de pérdida Fuente del sistema de clasificación o colocación Restricciones de uso No para préstamo Código de colección Localización permanente Ubicación/localización actual Ubicación en estantería Fecha de adquisición Fuente de adquisición Total de préstamos Signatura topográfica completa Código de barras Fecha visto por última vez Precio válido a partir de Tipo de ítem Koha Nota pública
    Dewey Decimal Classification Excluido de préstamo   General Raros y Valiosos Biblioteca Nacional Pedro Henríquez Ureña General En catalogación 08.02.2022 Donado   BNPHU SG-RV 370.15 K295p 2022-0673 08.02.2022 08.02.2022 Libro S/A

Powered by Koha